| 000 | 00845cad a22002055a 4500 | ||
|---|---|---|---|
| 001 | L153502 | ||
| 008 | 111005s20110929xxk f 000 0 eng d | ||
| 035 | _a(Sirsi) u153502 | ||
| 041 | 0 | _aeng | |
| 110 | 2 |
_aNationwide Building Society _91019 |
|
| 245 | 0 | 0 |
_aNationwide house price index _bSeptember 2011 _h[electronic resource] |
| 260 | _c2011 | ||
| 490 | 0 |
_aNationwide House Price Index _vSeptember 2011 |
|
| 520 | _aUnited Kingdom house prices increased by 0.1% in September 2011 and decreased by 0.3% compared with September 2010. Housing market remains flat and sluggish. | ||
| 590 | _aKA | ||
| 651 | 4 |
_aUnited Kingdom _y |
|
| 690 | _aPROPERTY-RESIDENTIAL PROPERTY-RESIDENTIAL PROPERTY MARKET | ||
| 856 | 4 | 0 |
_uhttps://www.nationwide.co.uk/hpi/historical/Sep_2011.pdf _zView this item free of charge at www.nationwide.co.uk |
| 942 | _n0 | ||
| 999 |
_c112557 _d112557 |
||